000
00302nam a22001337a 4500
008
180924b xxu||||| |||| 00| 0 eng d
020
_a
9780891181736
041
_a
eng
080
_a
591
100
_a
7
101
_a
ZOO
245
_a
Organic The Ecological System
_c
Francis.CH
942
_2
udc
_c
BK
999
_c
48359
_d
48359